000 00541nam a22002057a 4500
003 OSt
005 20140310182353.0
008 131001t xxu||||| |||| 00| 0 eng d
020 _a9780861636938
050 _aPZ 7
_b.B661 1946
082 _aGS
_bB62 1994
100 _aBlyton, Enid
_94844
245 _aThe goblins toy shop /
_cEnid Blyton.
260 _aSingapore :
_b Award Publications,
_cc1946.
300 _a192 p.
_bill, ;
_c20 cm.
541 _j1
562 _e1
650 _aKids fiction
_922247
942 _2lcc
_cBK-GS
999 _c12415
_d12415